000 00311nam a2200133Ia 4500
005 20251222143303.0
008 251222s9999||||xx |||||||||||||| ||spa||
020 _a9972-606-16-3
082 _a869.57/R93
100 _aRuíz Rosas, Alonso
245 0 _aLa Enfermedad de Venus
264 _bCopé
942 _cLIB
999 _c15415
_d15415